Statystyki dla Reprezentacje należące do AFC

Kliknij tutaj aby rozwiązać quiz!

Ogólne statystyki

  • Ten quiz został rozwiązany 37 razy
  • Średni wynik to 36 z 47

Statystyki odpowiedzi

Reprezentacja% Poprawnych
Japonia
100%
Korea Północna
94%
Korea Południowa
94%
Arabia Saudyjska
92%
Chiny
92%
Indie
89%
Irak
89%
Iran
89%
Katar
89%
Tadżykistan
89%
Afganistan
86%
Indonezja
86%
Laos
86%
Oman
86%
Pakistan
86%
Uzbekistan
86%
Zjednoczone Emiraty Arabskie
86%
Jordania
83%
Mongolia
83%
Bhutan
81%
Chińskie Tajpej
81%
Jemen
81%
Kambodża
81%
Kirgistan
81%
Wietnam
81%
Liban
78%
Mjanma
78%
Syria
78%
Turkmenistan
78%
Bahrajn
75%
Malezja
75%
Tajlandia
75%
Australia
72%
Bangladesz
72%
Filipiny
72%
Kuwejt
72%
Nepal
72%
Singapur
72%
Sri Lanka
72%
Brunei
69%
Malediwy
67%
Hongkong
58%
Palestyna
58%
Timor Wschodni
58%
Guam
47%
Makau
47%
Mariany Północne
25%

Rozkład punktacji

Percentyl według liczby udzielonych odpowiedzi

Procent ludzi z każdym wynikiem

Twoja historia wyników

Nie rozwiązałeś tego quizu